000 00564nam a2200193Ia 4500
005 20250326144805.0
008 250326s9999 xx 000 0 und d
020 _a1-930708-19-X
037 _aTextbook
040 _aFMSL
_beng
_cFMSL
041 _aeng
_2eng
084 _aWobD658(2:55) P2
_qFMSL
100 _aGronlund A
_9750117
245 0 _aElectronic government: Design, applications & management
_cGronlund A
260 _aUSA
_bUSA, Idea Group
_c2002
300 _a378p
942 _cTB
_hWobD658(2:55) P2
999 _c1305067
_d1305067